01326nac a22003251i 4500003000900000005001700009008004100026020002800067020003300095040004300128082002400171100004300195245010300238264004000341300005600381336002600437337002800463338002700491490003300518500008400551650002700635650006400662653001100726655001700737700003600754700003300790942001200823999001500835952015000850EG-ScBUE20230507102235.0230507s1998 nyua f 000 0 eng d a3211829903 (alk. paper) a3211830308 (Complete series) aEG-ScBUEbengerdacEG-ScBUEdEG-ScBUE04a728.820951bJIN2221 aJinghua, Ru, eauthor.10aPalace architecture /cRu Jinghua, Peng Hualiang ; [translated by Zang Erzhong, [and three others] 1aNew York :bSpringer-Verlag,c1998. a193 pages :billustrations (chiefly color) ;c37 cm 2rdacontentatextbtxt 2rdamediaaunmediatedbn 2rdacarrieravolumebnc0 aAncient Chinese architecture aOriginally published in Chinese in 1993 by China Architecture & Building Press. 7aPalaceszChina.2BUEsh 7aArchitecturezChinayMing-Qing dynasties, 1368-1912.2BUEsh bENGARC vReading book1 aPeng, Hualiang,d1942-eauthor.1 aErzhong , Zang,etranslator. cBB2ddc c8553d8553 00102ddc40708AlahramaMAINbMAINc2NDd2012-03-08ePurchasel1m4o728.820951 JINp000010335r2025-07-15 00:00:00s2011-03-22w2008-03-12yBB